000
00187nam a22000977a 4500
020
_a
9788187108429
082
_a
K200
245
_a
SAI BABA - THE DIVINE FAKIR
300
_a
79P
942
_c
BK
999
_c
1984
_d
1984